[Event "Campeonato de Chile FENACH 2006"]
[Site "?"]
[Date "2007.02.05"]
[Round "1"]
[White "Rojas, Luis"]
[Black "Lopez Silva, Hugo"]
[Result "1-0"]
[WhiteElo "2414"]
[BlackElo "2410"]
[Annotator "Egger,Jorge"]
[PlyCount "41"]
[EventDate "2007.02.06"]
[SourceDate "2007.02.06"]

1. e4 e5 2. Nf3 Nc6 3. d4 exd4 4. Nxd4 Bc5 5. Be3 Qf6 6. c3 Nge7 7. g3 d5 8.
Bg2 dxe4 9. Nb5 Bxe3 10. Nxc7+ Kf8 11. fxe3 Rb8 12. Na3 b5 13. Nd5 Nxd5 14.
Qxd5 b4 15. Nc4 bxc3 {# #} 16. O-O-O cxb2+ 17. Kb1 Ba6 18. Bxe4 Nb4 19. Qc5+
Qe7 20. Nd6 Be2 {#} 21. Nc8 1-0

[Event "Campeonato de Chile FENACH 2006"]
[Site "?"]
[Date "2007.02.05"]
[Round "1"]
[White "Salas, Christian"]
[Black "Rioseco, Fernan"]
[Result "1/2-1/2"]
[WhiteElo "2418"]
[BlackElo "2198"]
[Annotator "Egger,Jorge"]
[PlyCount "49"]
[EventDate "2007.02.06"]
[SourceDate "2007.02.06"]

1. d4 Nf6 2. Nf3 e6 3. c4 d5 4. Nc3 c5 5. cxd5 Nxd5 6. e3 Nc6 7. Bc4 Be7 8. O-O
cxd4 9. exd4 Nxc3 10. bxc3 O-O 11. Qe2 Qc7 12. Bd3 b6 13. Ng5 Bxg5 14. Bxg5 Bd7
15. Rfe1 Rfe8 {#} 16. Bxh7+ Kxh7 17. Qh5+ Kg8 18. Re4 f5 19. Rh4 Rf8 20. Qh7+
Kf7 21. Rh6 Nd8 22. Re1 Qxc3 23. Rc1 Qxd4 24. Qg6+ Kg8 25. Qh7+ 1/2-1/2

[Event "Campeonato de Chile FENACH 2006"]
[Site "?"]
[Date "2007.02.05"]
[Round "1"]
[White "Calvo, Pablo"]
[Black "Avalos, Joao"]
[Result "1/2-1/2"]
[WhiteElo "2254"]
[BlackElo "2272"]
[PlyCount "55"]
[EventDate "2007.02.06"]
[SourceDate "2007.02.06"]

1. e4 c5 2. Nf3 Nc6 3. d4 cxd4 4. Nxd4 e5 5. Nb5 a6 6. Nd6+ Bxd6 7. Qxd6 Qf6 8.
Qxf6 Nxf6 9. Nc3 d5 10. exd5 Nb4 11. Bd3 Nxd3+ 12. cxd3 Bf5 13. O-O O-O-O 14.
Bg5 Bxd3 15. Rfe1 h6 16. Bxf6 gxf6 17. Re3 Bg6 18. f4 e4 19. Rc1 Kb8 20. Kf2 f5
21. Re2 f6 22. Ke3 Bf7 23. Rd2 Rd6 24. Rd4 Rg8 25. Rc2 h5 26. Rcd2 h4 27. Kf2
Rgd8 28. Ke3 1/2-1/2

[Event "Campeonato de Chile FENACH 2006"]
[Site "?"]
[Date "2007.02.05"]
[Round "1"]
[White "Riffo, Elizardo"]
[Black "Mesias, Rabindranath"]
[Result "0-1"]
[WhiteElo "2279"]
[BlackElo "2220"]
[Annotator "Egger,Jorge"]
[PlyCount "96"]
[EventDate "2007.02.06"]
[SourceDate "2007.02.06"]

1. d4 Nf6 2. c4 c5 3. d5 e5 4. Nc3 d6 5. e4 Be7 6. h3 a6 7. Nf3 O-O 8. a4 Ne8
9. Bd3 g6 10. Bh6 Ng7 11. g4 Kh8 12. Qd2 Nd7 13. Ng1 Nf6 14. f4 exf4 15. Bxf4
Nd7 16. Nf3 f6 17. O-O-O Ne5 18. Rdf1 Bd7 19. Be2 Qa5 20. Nxe5 fxe5 21. Bg5
Bxg5 22. Qxg5 Qd8 23. Rxf8+ Qxf8 24. Rf1 Qd8 25. Qf6 Qxf6 26. Rxf6 Ne8 27. Rf7
Rd8 28. Re7 {#} g5 29. Rf7 Kg8 30. Rf1 Kg7 31. Kd2 Nf6 32. Rg1 {#} h5 33. gxh5
Kh6 34. Bg4 Nxh5 35. Ne2 Nf4 36. Ng3 Nxh3 37. Bxh3 Bxh3 38. Rh1 g4 39. Nf5+ Kg5
40. Ke3 b6 41. Ra1 Bg2 42. b3 Rh8 43. Nxd6 Rh3+ 44. Kf2 Bh1 45. Rg1 Kf4 46. Nf5
Bxe4 47. Ng3 Rh2+ 48. Ke1 Bf3 0-1

[Event "Campeonato de Chile FENACH 2006"]
[Site "?"]
[Date "2007.02.06"]
[Round "2"]
[White "Rioseco, Fernan"]
[Black "Calvo, Pablo"]
[Result "1/2-1/2"]
[WhiteElo "2198"]
[BlackElo "2254"]
[PlyCount "61"]
[EventDate "2007.02.06"]
[SourceDate "2007.02.06"]

1. d4 d5 2. c4 dxc4 3. Nf3 c5 4. e3 cxd4 5. exd4 Be6 6. Nc3 Nf6 7. Ne5 Nc6 8.
Nxc6 bxc6 9. Qa4 Qd7 10. Bxc4 Bxc4 11. Qxc4 e6 12. O-O Be7 13. Be3 O-O 14. Rac1
Rab8 15. Rc2 Rb4 16. Qe2 Nd5 17. Rd1 Rd8 18. Rdd2 Nxc3 19. Rxc3 Qd5 20. a3 Rb3
21. Rxb3 Qxb3 22. h3 h6 23. Qa6 Qb6 24. Qxb6 axb6 25. Rc2 Rc8 26. Kf1 b5 27.
Ke2 Kf8 28. Kd3 Ke8 29. Bc1 Kd7 30. b3 Ra8 31. Ra2 1/2-1/2

[Event "Campeonato de Chile FENACH 2006"]
[Site "?"]
[Date "2007.02.06"]
[Round "2"]
[White "Lopez Silva, Hugo"]
[Black "Salas, Christian"]
[Result "1-0"]
[WhiteElo "2410"]
[BlackElo "2418"]
[PlyCount "49"]
[EventDate "2007.02.06"]
[SourceDate "2007.02.06"]

1. e4 c6 2. d4 d5 3. exd5 cxd5 4. c4 Nf6 5. Nc3 e6 6. c5 Be7 7. Nf3 O-O 8. Bd3
b6 9. b4 a5 10. Na4 axb4 11. Nxb6 Ra5 12. O-O Ba6 13. Ne5 Qc7 14. Bxa6 Nxa6 15.
Nd3 Ne4 16. a3 Nc3 17. Qd2 Ne4 18. Qd1 bxa3 19. Qe1 Rb5 20. Rxa3 Nb8 21. Nb4
Nxc5 22. N4xd5 exd5 23. Nxd5 Qd7 24. Nxe7+ Kh8 25. dxc5 1-0

[Event "Campeonato de Chile FENACH 2006"]
[Site "?"]
[Date "2007.02.06"]
[Round "2"]
[White "Avalos, Joao"]
[Black "Riffo, Elizardo"]
[Result "1-0"]
[WhiteElo "2272"]
[BlackElo "2220"]
[PlyCount "71"]
[EventDate "2007.02.06"]
[SourceDate "2007.02.06"]

1. d4 e6 2. c4 f5 3. g3 Nf6 4. Bg2 d5 5. Qc2 c6 6. Nh3 Bd6 7. O-O O-O 8. Bf4
Be7 9. Nd2 h6 10. Be5 Ng4 11. Nf3 g5 12. Bxb8 Rxb8 13. Ne1 Qe8 14. e3 b6 15.
Qe2 Qh5 16. f3 Nf6 17. Nd3 Bd6 18. Rac1 Ba6 19. cxd5 cxd5 20. Rc6 Rbd8 21. Rfc1
Bb5 22. R6c2 e5 23. dxe5 Bxe5 24. a4 Ba6 25. b4 Bb8 26. b5 Bb7 27. Nb4 Rde8 28.
Qd3 g4 29. Nf4 Bxf4 30. exf4 Kh8 31. Nc6 gxf3 32. Bxf3 Ng4 33. Qd4+ Kh7 34. Ne5
Re7 35. Bxg4 fxg4 36. Rc7 1-0

[Event "Campeonato de Chile FENACH 2006"]
[Site "?"]
[Date "2007.02.06"]
[Round "2"]
[White "Arancibia, Eduardo"]
[Black "Rojas, Luis"]
[Result "1-0"]
[WhiteElo "2358"]
[BlackElo "2414"]
[PlyCount "101"]
[EventDate "2007.02.06"]
[SourceDate "2007.02.06"]

1. c4 Nf6 2. Nc3 e5 3. Nf3 Nc6 4. g3 Bb4 5. Bg2 O-O 6. O-O e4 7. Ne1 Bxc3 8.
dxc3 h6 9. Nc2 Re8 10. Ne3 Ne5 11. Qc2 Ng6 12. Nd5 Nxd5 13. cxd5 Qe7 14. d6
cxd6 15. Rd1 b6 16. Qd2 Ba6 17. Bf1 Rad8 18. Qxd6 Qxd6 19. Rxd6 Re6 20. Rd4 d5
21. Be3 Ne5 22. Rad1 Red6 23. Bf4 f6 24. Ra4 b5 25. Rb4 Kf7 26. a4 Rb6 27. Bxe5
fxe5 28. e3 Bc8 29. axb5 Bg4 30. Rd2 Ke7 31. b3 Rdd6 32. h3 Bc8 33. Ra4 Rb7 34.
Rda2 Rdd7 35. c4 dxc4 36. bxc4 Rbc7 37. Bg2 Kd6 38. Bxe4 Kc5 39. Bd5 Re7 40.
Kg2 e4 41. Rb2 Kb6 42. Rd2 Re5 43. Rd4 Rce7 44. Bg8 Rh5 45. g4 Rc5 46. Bd5 h5
47. Rxe4 Rxe4 48. Bxe4 hxg4 49. hxg4 Rc7 50. Kg3 Kc5 51. Bf5 1-0

[Event "Campeonato de Chile FENACH 2006"]
[Site "?"]
[Date "2007.02.07"]
[Round "3"]
[White "Salas, Christian"]
[Black "Arancibia, Eduardo"]
[Result "0-1"]
[WhiteElo "2418"]
[BlackElo "2358"]
[PlyCount "136"]
[EventDate "2007.02.06"]
[SourceDate "2007.02.06"]

1. d4 Nf6 2. c4 g6 3. Nc3 Bg7 4. e4 d6 5. Nf3 O-O 6. h3 Na6 7. Bg5 h6 8. Be3 e5
9. dxe5 dxe5 10. Qc1 Kh7 11. Be2 Re8 12. O-O c6 13. c5 Bf8 14. Rd1 Qc7 15. Bxa6
bxa6 16. Qc2 Rb8 17. b3 Nh5 18. Na4 g5 19. Nb2 g4 20. Nh4 gxh3 21. g3 Be7 22.
Nf5 Bxf5 23. exf5 Nf6 24. Qc4 Nd5 25. Bd2 e4 26. Qxe4 Qxg3+ 27. fxg3 Bxc5+ 28.
Kh2 Rxe4 29. Nc4 Rg8 30. Kxh3 Bf2 31. Kg2 Bxg3 32. Kf3 Rd4 33. Rg1 Bf4 34. Rxg8
Kxg8 35. Rg1+ Kh7 36. Rg4 Rxd2 37. Nxd2 Bxd2 38. Rc4 Ba5 39. Rxc6 Bb6 40. Rd6
Ne3 41. Ke4 a5 42. Rc6 Kg7 43. Ke5 h5 44. Rc8 f6+ 45. Kf4 h4 46. Rc1 h3 47. Kg3
Nxf5+ 48. Kxh3 Kg6 49. Kg4 Ne3+ 50. Kf4 Nd5+ 51. Ke4 Ne7 52. Rc2 Kf7 53. Kd3 f5
54. Ke2 Kf6 55. Kf3 Ng6 56. Rc8 Ne5+ 57. Kf4 Nd3+ 58. Kf3 Ke5 59. Re8+ Kd4 60.
Rc8 Nc5 61. Rf8 Kc3 62. Rxf5 Kb2 63. Ke2 Kxa2 64. Rf3 Nxb3 65. Kd1 a4 66. Rf4
a3 67. Kc2 Nd4+ 68. Kd3 Kb3 0-1

[Event "Campeonato de Chile FENACH 2006"]
[Site "?"]
[Date "2007.02.07"]
[Round "3"]
[White "Riffo, Elizardo"]
[Black "Rioseco, Fernan"]
[Result "1/2-1/2"]
[WhiteElo "2279"]
[BlackElo "2198"]
[PlyCount "42"]
[EventDate "2007.02.06"]
[SourceDate "2007.02.06"]

1. d4 Nf6 2. c4 e6 3. Nf3 Bb4+ 4. Nbd2 b6 5. g3 Bb7 6. Bg2 O-O 7. O-O d5 8. Qb3
Bd6 9. Rd1 Nbd7 10. e4 dxc4 11. Qc2 Be7 12. Ne5 b5 13. b3 c3 14. Nxd7 Qxd7 15.
Qxc3 c5 16. Bb2 cxd4 17. Qxd4 Qxd4 18. Bxd4 Rfd8 19. Bb2 Bb4 20. e5 Bxg2 21.
Kxg2 Nd5 1/2-1/2

[Event "Campeonato de Chile FENACH 2006"]
[Site "?"]
[Date "2007.02.07"]
[Round "3"]
[White "Mesias, Rabindranath"]
[Black "Avalos, Joao"]
[Result "1/2-1/2"]
[WhiteElo "2220"]
[BlackElo "2272"]
[PlyCount "24"]
[EventDate "2007.02.06"]
[SourceDate "2007.02.06"]

1. e4 e5 2. Nf3 Nc6 3. Bb5 a6 4. Bxc6 dxc6 5. O-O f6 6. d4 exd4 7. Nxd4 c5 8.
Nb3 Qxd1 9. Rxd1 Bg4 10. f3 Bd7 11. Be3 b6 12. Nc3 O-O-O 1/2-1/2

[Event "Campeonato de Chile FENACH 2006"]
[Site "Santiago"]
[Date "2007.02.07"]
[Round "4"]
[White "Rioseco, Fernan"]
[Black "Mesias, Rabindranath"]
[Result "1-0"]
[WhiteElo "2198"]
[BlackElo "2220"]
[PlyCount "133"]
[EventDate "2007.02.07"]
[SourceDate "2007.02.06"]

1. e4 c5 2. c3 d5 3. exd5 Qxd5 4. d4 Nf6 5. Nf3 Bg4 6. Be2 e6 7. h3 Bh5 8. O-O
Nc6 9. Be3 cxd4 10. cxd4 Bd6 11. Nc3 Qa5 12. a3 O-O 13. b4 Qd8 14. Qd2 Rc8 15.
Rac1 Ne7 16. Bg5 Bb8 17. Rfd1 Ned5 18. Nxd5 Qxd5 19. Bxf6 gxf6 20. Rc5 Rxc5 21.
dxc5 Qxd2 22. Rxd2 Bc7 23. Rd7 Rc8 24. c6 b5 25. Bxb5 Bb6 26. Nd2 a6 27. Ba4
Be2 28. Rb7 Bc7 29. Ne4 Kg7 30. Nc5 f5 31. Nd7 f4 32. b5 axb5 33. Bxb5 f3 34.
a4 e5 35. gxf3 Bxf3 36. Nb6 Bxb6 37. Rxb6 Kf6 38. a5 Ke7 39. a6 Kd6 40. a7 Ra8
41. Rb7 Bxc6 42. Bxc6 Kxc6 43. Rxf7 h5 44. Kg2 Kd6 45. Kf3 Ke6 46. Rh7 Kd5 47.
Ke3 h4 48. f3 Rc8 49. Rxh4 Rc3+ 50. Kf2 Ra3 51. Rh7 e4 52. fxe4+ Kxe4 53. Rf7
Ke5 54. h4 Ke6 55. Rb7 Kf5 56. Ke2 Kg4 57. Rh7 Kf5 58. Kd2 Kg6 59. Rb7 Kh5 60.
Kc2 Kxh4 61. Kb2 Ra6 62. Kb3 Ra1 63. Kc4 Kg5 64. Kc5 Kf6 65. Kd6 Ra2 66. Kc7
Ke6 67. Kb8 1-0

[Event "Campeonato de Chile FENACH 2006"]
[Site "?"]
[Date "2007.02.07"]
[Round "4"]
[White "Lopez Silva, Hugo"]
[Black "Riffo, Elizardo"]
[Result "1-0"]
[WhiteElo "2410"]
[BlackElo "2279"]
[PlyCount "47"]
[EventDate "2007.02.06"]
[SourceDate "2007.02.06"]

1. e4 d5 2. exd5 Nf6 3. c4 c6 4. d4 cxd5 5. Nc3 Nc6 6. Nf3 Be6 7. c5 g6 8. Bb5
Bg7 9. Ne5 Qc8 10. O-O O-O 11. Re1 Nxe5 12. dxe5 Ng4 13. Qd4 Qc7 14. Bf4 Rfd8
15. h3 Nh6 16. g4 Kh8 17. Rad1 Qc8 18. Be2 Ng8 19. Bf3 b6 20. cxb6 axb6 21. Na4
Qc2 22. Nc3 Qxb2 23. Bc1 Qa1 24. Re2 1-0

[Event "Campeonato de Chile FENACH 2006"]
[Site "Santiago"]
[Date "2007.02.07"]
[Round "4"]
[White "Arancibia, Eduardo"]
[Black "Calvo, Pablo"]
[Result "1-0"]
[WhiteElo "2358"]
[BlackElo "2254"]
[PlyCount "63"]
[EventDate "2007.02.07"]
[SourceDate "2007.02.06"]

1. e4 e5 2. Nc3 Nf6 3. Bc4 Nc6 4. d3 Na5 5. Nge2 c6 6. a3 Nxc4 7. dxc4 Be7 8.
O-O d6 9. Qd3 O-O 10. b3 Qc7 11. h3 b6 12. Ng3 Be6 13. f4 Rad8 14. fxe5 Nd7 15.
exd6 Bxd6 16. Nf5 Be5 17. Rb1 Rfe8 18. Qf3 Nc5 19. Bf4 Bxf4 20. Qxf4 Qxf4 21.
Rxf4 Nxe4 22. Nh6+ gxh6 23. Nxe4 Kg7 24. Nf6 Re7 25. Rbf1 Rd2 26. R1f2 Rd1+ 27.
Kh2 a5 28. g4 Bc8 29. Nh5+ Kg8 30. Rf6 Be6 31. Rxh6 Rb7 32. Nf6+ 1-0

[Event "Campeonato de Chile FENACH 2006"]
[Site "Santiag"]
[Date "2007.02.07"]
[Round "4"]
[White "Rojas, Luis"]
[Black "Salas, Christian"]
[Result "1-0"]
[WhiteElo "2414"]
[BlackElo "2418"]
[PlyCount "91"]
[EventDate "2007.02.07"]
[SourceDate "2007.02.06"]

1. e4 c5 2. Nf3 d6 3. d4 cxd4 4. Nxd4 Nf6 5. Nc3 Nc6 6. Bc4 Bd7 7. Bb3 g6 8.
Be3 Ng4 9. Nxc6 bxc6 10. Qf3 Nf6 11. Qg3 Qa5 12. O-O-O Bg7 13. Bd2 Qc7 14. h4
h5 15. Rhe1 Ng4 16. Bg5 Bxc3 17. Qxc3 f6 18. f3 O-O-O 19. Bf4 Ne5 20. Bg3 Kb8
21. f4 Ng4 22. e5 Bf5 23. Ba4 dxe5 24. Rxd8+ Rxd8 25. fxe5 fxe5 26. Rxe5 Nxe5
27. Bxe5 Rd6 28. Bxc6 Kc8 29. Bxd6 Qxd6 30. g3 e5 31. b4 Kc7 32. b5 Kb8 33. a4
e4 34. a5 Qe7 35. Qe3 Qf6 36. c3 Kc8 37. Kb2 Qd6 38. Bxe4 Bxe4 39. Qxe4 Qxg3
40. Qa8+ Kd7 41. Qxa7+ Ke6 42. a6 Qg2+ 43. Ka3 Qd2 44. Qb6+ Kf7 45. Qc7+ Ke6
46. Qc6+ 1-0

[Event "Campeonato de Chile FENACH 2006"]
[Site "Santiag"]
[Date "2007.02.08"]
[Round "5"]
[White "Calvo, Pablo"]
[Black "Rojas, Luis"]
[Result "1/2-1/2"]
[WhiteElo "2254"]
[BlackElo "2414"]
[PlyCount "107"]
[EventDate "2007.02.07"]
[SourceDate "2007.02.06"]

1. e4 c5 2. Nf3 Nc6 3. d4 cxd4 4. Nxd4 Nf6 5. Nc3 e5 6. Ndb5 d6 7. Bg5 a6 8.
Na3 b5 9. Bxf6 gxf6 10. Nd5 Bg7 11. Bd3 O-O 12. O-O Be6 13. c3 f5 14. Qh5 f4
15. Nc2 Ne7 16. Ncb4 a5 17. Nxe7+ Qxe7 18. Nd5 Qb7 19. Rfd1 Rae8 20. Bc2 Bd7
21. Rd2 Re6 22. a4 Kh8 23. axb5 Rg6 24. Qe2 Bxb5 25. Bd3 Bd7 26. f3 a4 27. Qf2
Rb8 28. Nb4 Bh3 29. Bf1 Bd7 30. Kh1 Rg8 31. Nd5 Be6 32. Rxa4 Bxd5 33. Ra7 Qc8
34. Rxd5 Qf8 35. b4 Bf6 36. Rb5 Rh6 {#} 37. Qa2 Be7 38. Rbb7 {#} Qg7 39. Rxe7
Qg3 40. Kg1 Qxh2+ 41. Kf2 Rhg6 42. Ke1 {#} Rxg2 43. Bxg2 Qg1+ 44. Bf1 Qe3+ 45.
Qe2 Qc1+ 46. Kf2 Qxc3 47. Qd3 Qb2+ 48. Qe2 Qd4+ 49. Ke1 Qxb4+ 50. Qd2 Qb1+ 51.
Qd1 Qb4+ 52. Qd2 Qb1+ 53. Ke2 Qb5+ 54. Ke1 1/2-1/2

[Event "Campeonato de Chile FENACH 2006"]
[Site "Santiag"]
[Date "2007.02.08"]
[Round "5"]
[White "Riffo, Elizardo"]
[Black "Arancibia, Eduardo"]
[Result "0-1"]
[WhiteElo "2279"]
[BlackElo "2358"]
[Annotator "Egger,Jorge"]
[PlyCount "108"]
[EventDate "2007.02.07"]
[SourceDate "2007.02.06"]

1. d4 Nf6 2. c4 e6 3. Nf3 c5 4. d5 exd5 5. cxd5 d6 6. Nc3 g6 7. Bf4 a6 8. e4
Bg7 9. Qa4+ Bd7 10. Qb3 Bc8 11. Qa4+ Kf8 12. Be2 Bg4 13. O-O Ne8 14. Rfc1 Nd7
15. Bg3 h5 16. h3 Bxf3 17. Bxf3 h4 18. Bh2 Be5 19. b4 b5 20. Qb3 c4 21. Qd1 Qf6
22. Bxe5 Nxe5 23. Be2 Kg7 24. a4 Nc7 25. Ra3 Rhb8 26. Rca1 bxa4 27. Rxa4 Nd3
28. Bxd3 Qxc3 29. Bf1 Rxb4 30. Rxb4 Qxb4 31. Ra4 Qb2 32. Bxc4 a5 33. Qe1 Ne8
34. Qa1 Qxa1+ 35. Rxa1 g5 36. Bb5 Nf6 37. f3 Nh5 38. e5 dxe5 39. d6 Nf4 40. d7
Ne6 41. Rc1 Rd8 42. Ra1 Kf6 43. Rxa5 Ke7 44. Ba4 f6 45. Ra6 Nc5 46. Ra7 Nxa4
47. Rxa4 Rxd7 48. Ra2 f5 49. Kf2 Ke6 50. Re2 Rd4 51. Ra2 Rc4 52. Rd2 e4 53. Ra2
Ke5 54. Re2 Kf4 $138 0-1

[Event "Campeonato de Chile FENACH 2006"]
[Site "Santiag"]
[Date "2007.02.08"]
[Round "5"]
[White "Mesias, Rabindranath"]
[Black "Lopez Silva, Hugo"]
[Result "1-0"]
[WhiteElo "2220"]
[BlackElo "2410"]
[Annotator "Egger,Jorge"]
[PlyCount "83"]
[EventDate "2007.02.07"]
[SourceDate "2007.02.06"]

1. d4 Nf6 2. Nc3 d5 3. Bg5 Ne4 4. Nxe4 dxe4 5. e3 c5 6. Bf4 Qb6 7. dxc5 Qxb2 8.
Qd4 Qa3 9. Bxb8 Qa5+ 10. c3 Rxb8 11. Qb4 Qc7 12. Bb5+ Bd7 13. Bxd7+ Qxd7 14.
Ne2 e6 15. Qxe4 Rc8 16. Rd1 Qc6 17. Qd4 f6 18. Qg4 Kf7 19. Nd4 Qe8 20. Rb1 Rc7
{#} 21. c6 b6 22. O-O Bc5 23. Nb5 Re7 24. Qh5+ g6 {#} 25. Qxc5 bxc5 26. Nd6+
Kg7 27. Nxe8+ Rhxe8 28. Rb7 Kf7 29. Rfb1 Rc8 30. Rxe7+ Kxe7 31. Rb7+ Kd6 32.
Rxa7 Kd5 33. c7 Kc4 34. Kf1 Kxc3 35. Ke2 Kb4 36. a4 c4 37. a5 e5 38. e4 f5 39.
f3 fxe4 40. fxe4 Kc5 41. Rb7 Kc6 42. a6 1-0

[Event "Campeonato de Chile FENACH 2006"]
[Site "Santiag"]
[Date "2007.02.08"]
[Round "5"]
[White "Avalos, Joao"]
[Black "Rioseco, Fernan"]
[Result "1/2-1/2"]
[WhiteElo "2272"]
[BlackElo "2198"]
[Annotator "Egger,Jorge"]
[PlyCount "79"]
[EventDate "2007.02.07"]
[SourceDate "2007.02.06"]

1. d4 Nf6 2. c4 e6 3. Nf3 Bb4+ 4. Nbd2 b6 5. a3 Bxd2+ 6. Qxd2 Bb7 7. e3 O-O 8.
Be2 d6 9. b4 Nbd7 10. Bb2 Qe7 11. O-O e5 12. Qc2 e4 13. Nd2 Ne8 14. Rae1 f5 15.
f4 c6 16. Qb3 Kh8 17. a4 Rb8 18. Ra1 a6 19. b5 cxb5 20. cxb5 a5 21. Rfc1 Rf6
22. Bc4 Rh6 23. Bd5 Bc8 24. Rc2 Ndf6 25. Rac1 Bd7 26. Bc6 Be6 27. d5 Bg8 28.
Bxe8 Qxe8 29. Rc7 Qh5 30. h3 Qe2 31. Nf1 Rg6 32. R7c2 Qh5 33. Bxf6 Rxf6 34. Rc8
Rxc8 35. Rxc8 Qe2 36. Qc3 Rg6 {#} 37. Rxg8+ Kxg8 38. Qc8+ Kf7 39. Qd7+ Kf8 40.
Qd8+ 1/2-1/2

[Event "Campeonato de Chile FENACH 2006"]
[Site "Santiag"]
[Date "2007.02.09"]
[Round "6"]
[White "Lopez Silva, Hugo"]
[Black "Avalos, Joao"]
[Result "1-0"]
[WhiteElo "2410"]
[BlackElo "2272"]
[PlyCount "59"]
[EventDate "2007.02.07"]
[SourceDate "2007.02.06"]

1. e4 c5 2. c4 e6 3. Nc3 a6 4. g3 Nc6 5. Bg2 g6 6. Nge2 Bg7 7. d3 Nge7 8. Be3
d6 9. d4 cxd4 10. Nxd4 O-O 11. O-O Qc7 12. Rc1 Ne5 13. b3 Qa5 14. f4 N5c6 15.
Nxc6 Nxc6 16. Na4 Qc7 17. Nb6 Rb8 18. Qd2 Rd8 19. Rfd1 Bf8 20. b4 Qe7 21. b5
Na7 22. a4 Re8 23. Qf2 Qc7 24. Rc2 Rd8 25. Rcd2 Be7 26. Rd3 f6 27. Qd2 Re8 28.
Kh1 Kf7 {#} 29. e5 dxe5 30. Nd7 1-0

[Event "Campeonato de Chile FENACH 2006"]
[Site "Santiag"]
[Date "2007.02.09"]
[Round "6"]
[White "Arancibia, Eduardo"]
[Black "Mesias, Rabindranath"]
[Result "1-0"]
[WhiteElo "2358"]
[BlackElo "2220"]
[PlyCount "85"]
[EventDate "2007.02.07"]
[SourceDate "2007.02.06"]

1. d4 Nf6 2. Nf3 c5 3. c3 cxd4 4. cxd4 g6 5. Nc3 Bg7 6. e4 d6 7. h3 O-O 8. Be2
Nc6 9. d5 Ne5 10. Nd4 a6 11. a4 Qb6 12. O-O Ne8 13. Nb3 f5 14. a5 Qc7 15. exf5
Bxf5 16. Be3 Nf6 17. Nd4 Bd7 18. Qb3 Nh5 19. Bxh5 gxh5 20. Na4 Qc4 21. Nb6 Qxb3
22. Nxb3 Rad8 23. Rfd1 Ng6 24. Rd2 Nh4 25. Nd4 h6 26. Rc1 Bxh3 27. gxh3 Bxd4
28. Rxd4 Nf3+ 29. Kg2 Nxd4 30. Bxd4 Rf7 31. Be3 Re8 32. Bxh6 e6 33. dxe6 Rxe6
34. Be3 Re5 35. b4 Kh7 36. Rc4 Kg6 37. Rd4 Re6 38. Nd5 Kf5 39. Nf4 Re4 40. Rd5+
Kf6 41. Rxd6+ Ke7 42. Rb6 Rexf4 43. Bxf4 1-0

[Event "Campeonato de Chile FENACH 2006"]
[Site "Santiag"]
[Date "2007.02.09"]
[Round "6"]
[White "Rojas, Luis"]
[Black "Riffo, Elizardo"]
[Result "1-0"]
[WhiteElo "2414"]
[BlackElo "2279"]
[PlyCount "59"]
[EventDate "2007.02.07"]
[SourceDate "2007.02.06"]

1. e4 c6 2. d4 d5 3. Nd2 g6 4. e5 Bg7 5. h3 c5 6. c3 Nc6 7. Ngf3 Bf5 8. Be2
cxd4 9. cxd4 f6 10. Bb5 Qb6 11. Bxc6+ Qxc6 12. O-O Qc2 13. Qxc2 Bxc2 14. Re1
O-O-O 15. exf6 exf6 16. Nb3 b6 17. Bf4 Kd7 18. Rac1 Rc8 19. Nc5+ bxc5 20. Rxc2
c4 21. Rce2 g5 22. Bg3 Bf8 23. Re6 h5 24. Ra6 Ra8 25. h4 g4 26. Nh2 Rh7 27. Nf1
Kd8 28. Bf4 Rb7 29. Re2 Rb6 30. Ra5 1-0

[Event "Campeonato de Chile FENACH 2006"]
[Site "Santiag"]
[Date "2007.02.09"]
[Round "6"]
[White "Salas, Christian"]
[Black "Calvo, Pablo"]
[Result "1/2-1/2"]
[WhiteElo "2418"]
[BlackElo "2254"]
[PlyCount "84"]
[EventDate "2007.02.07"]
[SourceDate "2007.02.06"]

1. d4 d5 2. c4 e6 3. Nf3 c5 4. cxd5 exd5 5. Bg5 Be7 6. Bxe7 Nxe7 7. dxc5 Qa5+
8. Nc3 Qxc5 9. e3 Nbc6 10. Be2 O-O 11. O-O Bg4 12. Rc1 Rad8 13. Nd4 Bxe2 14.
Ncxe2 Qd6 15. Qa4 Nxd4 16. Nxd4 a6 17. Rc3 Rc8 18. Rfc1 Rxc3 19. Rxc3 Qg6 20.
Rc1 Nf5 21. Nf3 Qb6 22. Qc2 g6 23. Rd1 Rd8 24. Qd2 Rc8 25. h4 Ne7 26. b3 Qf6
27. Rc1 Rxc1+ 28. Qxc1 Nc6 29. Qd2 Qf5 30. Qb2 h6 31. b4 Qe4 32. b5 Qb4 33.
Qxb4 Nxb4 34. a3 Nc2 35. bxa6 bxa6 36. a4 Nb4 37. Kf1 Kf8 38. Ke2 Ke7 39. Kd2
Kd6 40. h5 Nc6 41. Kc3 a5 42. Ng5 Ke7 1/2-1/2

[Event "Campeonato de Chile FENACH 2006"]
[Site "Santiag"]
[Date "2007.02.10"]
[Round "7"]
[White "Riffo, Elizardo"]
[Black "Salas, Christian"]
[Result "1/2-1/2"]
[WhiteElo "2279"]
[BlackElo "2418"]
[PlyCount "85"]
[EventDate "2007.02.07"]
[SourceDate "2007.02.06"]

1. e4 e5 2. Nf3 Nc6 3. Bb5 a6 4. Ba4 Nf6 5. O-O b5 6. Bb3 Bc5 7. Qe2 d6 8. c3
O-O 9. Rd1 Bg4 10. d3 Nh5 11. Bd5 Qd7 12. Bxc6 Qxc6 13. d4 exd4 14. h3 Ng3 15.
Qd3 Bxf3 16. gxf3 dxc3 17. Nxc3 Rae8 18. Kg2 Nh5 19. Qd5 Qxd5 20. Nxd5 f5 21.
b4 Ba7 22. Nxc7 Re7 23. Nd5 Re6 24. exf5 Rxf5 25. Be3 Ree5 26. Rac1 Bxe3 27.
Nxe3 Nf4+ 28. Kf1 Rh5 29. Rc8+ Kf7 30. Rxd6 Rxh3 31. Ke1 Rxf3 32. Rc7+ Re7 33.
Rxe7+ Kxe7 34. Rxa6 h5 35. a4 bxa4 36. Rxa4 g5 37. b5 Kd7 38. Rd4+ Kc8 39. Nd5
Ng6 40. Ne3 g4 41. Nxg4 hxg4 42. Rxg4 Nf4 43. Rg3 1/2-1/2

[Event "Campeonato de Chile FENACH 2006"]
[Site "Santiag"]
[Date "2007.02.10"]
[Round "7"]
[White "Mesias, Rabindranath"]
[Black "Rojas, Luis"]
[Result "0-1"]
[WhiteElo "2220"]
[BlackElo "2414"]
[PlyCount "130"]
[EventDate "2007.02.07"]
[SourceDate "2007.02.06"]

1. f4 Nf6 2. Nf3 g6 3. Nc3 d5 4. e3 Bg7 5. b3 Ne4 6. Bb2 O-O 7. Be2 c5 8. O-O
Nxc3 9. dxc3 Nc6 10. Qe1 Bf5 11. Bd3 Bxd3 12. cxd3 Qd6 13. d4 e6 14. Ne5 Rfc8
15. Qh4 Qe7 16. Qg4 b5 17. Nd3 c4 18. Ne5 b4 19. Rac1 bxc3 20. Rxc3 Nxe5 21.
fxe5 cxb3 22. Rxb3 Rc2 23. e4 dxe4 24. Qxe4 Rac8 25. Ba3 Qe8 26. Rb7 R2c7 27.
Bd6 Rd7 28. h4 h5 29. Rfb1 Rcd8 30. Qc6 Bh6 31. Kf2 Bd2 32. Rb8 Kg7 33. Qf3 Ba5
34. Qf6+ Kh7 35. R1b7 Rxb8 36. Rxb8 Bd8 37. g3 Bxf6 38. Rxe8 Rd8 39. Rxd8 Bxd8
40. Kf3 g5 41. hxg5 Kg6 42. Ba3 a6 43. Bb4 Kxg5 44. Bd2+ Kf5 45. Be3 Ba5 46.
Bf2 Bc3 47. Be3 Be1 48. Bg1 Kg6 49. Be3 Kg7 50. a4 Kf8 51. Bf4 Kg7 52. Be3 f6
53. exf6+ Kxf6 54. Bf4 Kf5 55. Be5 Bc3 56. Ke3 Kg4 57. Kf2 Kf5 58. Kf3 Bb2 59.
Ke3 Kg4 60. Kf2 Bc1 61. Bg7 Bg5 62. Be5 Bd8 63. Bg7 Bc7 64. Be5 Bxe5 65. dxe5
Kf5 0-1

[Event "Campeonato de Chile FENACH 2006"]
[Site "Santiag"]
[Date "2007.02.10"]
[Round "7"]
[White "Rioseco, Fernan"]
[Black "Lopez Silva, Hugo"]
[Result "1-0"]
[WhiteElo "2198"]
[BlackElo "2410"]
[PlyCount "119"]
[EventDate "2007.02.07"]
[SourceDate "2007.02.06"]

1. d4 Nf6 2. c4 c5 3. d5 e6 4. Nc3 exd5 5. cxd5 d6 6. e4 g6 7. f4 Bg7 8. Bb5+
Nfd7 9. a4 O-O 10. Nf3 Na6 11. O-O Nb4 12. Kh1 Nf6 13. Bd3 Bg4 14. Bb1 Nh5 15.
Be3 Re8 16. Qd2 Qe7 17. Ra3 b6 18. Qf2 Bxf3 19. Qxf3 f5 20. g4 fxg4 21. Qxg4
Rf8 22. e5 Bxe5 23. f5 Kh8 24. Bg5 Qd7 25. Qh4 Ng7 26. f6 Nh5 27. Ne4 Rf7 28.
Raf3 Re8 29. Bd2 Nxd5 30. Ba2 Qc6 31. Ng5 Rxf6 32. Qe4 Nb4 33. Nf7+ Rxf7 34.
Qxc6 Nxc6 35. Rxf7 Bg7 36. Bc3 Ne5 37. Rxa7 Rb8 38. Rd1 Nc6 39. Rd7 Nd4 40.
Rxd6 Be5 41. Rd5 Bf6 42. Rf1 Nf5 43. Rd7 Re8 44. Bxf6+ Nxf6 45. Rb7 Re2 46.
Rxb6 Ng4 47. Rxf5 gxf5 48. a5 Nxh2 49. Bd5 Ng4 50. a6 Re1+ 51. Kg2 Ra1 52. Kg3
Ne5 53. Rb8+ Kg7 54. Rb7+ Kf6 55. a7 f4+ 56. Kxf4 Ra4+ 57. Kg3 Kg5 58. Rg7+ Kh6
59. Re7 Ng6 60. Rc7 1-0